00943nam a2200265Ia 450000500170000000800410001702000180005810000340007624501090011025000110021930000420023053400440027265000400031665000400035665000490039670000380044594200120048326400330049533600270052833700330055533800280058804000350061608400110065199900150066220220317000200.0141031s9999 xx 000 0 und d a978849639110910aVincent, Gabrielled1928-200010aErnesto y Celestina van de picnic c texto e ilustraciones Gabrielle Vincent ; traducción Pilar Pablos a1a ed. a29 páginas bilustraciones c18 cm. tErnest et Celéstine vont pique-niquer14aCuentos infantiles franceses 2LEMB14a Literatura infantil francesa2LEMB14aAnimales humanizados en la literatura 2LEMB10aPablos, Pilaretraductora 917538 2loccBK aZaragoza bMarenostrumc2008 atextobtxt2rdacontent asin mediaciónbn2rdamedia avolumenbnc2rdacarrier aCO-BoRNBPbspaerdacCO-BoRNBP aC VIN1 c3328d3328